000 00646nam a2200145Ia 4500
008 220216s9999 xx 000 0 und d
100 _aJacob J.[a]
245 0 _aExcess photosynthetic electrons: A matter of life and death for green leaves of Hevea experiencing drought stress
260 _bIn: Recent advances in plantation crops research: Placrosym XIII, 16-18 December 1998, Coimbatore, Tamil Nadu, India. (Eds. N. Muraleedharan and R. Raj Kumar). Allied Publishers, New Delhi, India, pp. 215-219.
_c2000
650 _aChlorophyll fluorescence
650 _aDrought stress
650 _aPS2 activity
700 _aKaraba K.N.
942 _cBS
999 _c52497
_d52497